Gareth Edwards Filmography - Statistics

General Stats
  • This quiz has been taken 8 times
  • The average score is 3 of 10
Answer Stats
Hint Answer % Correct
2014 Godzilla
100%
2016 Rogue One
100%
2010 Monsters
50%
2005 End Day
25%
2017 The Last Jedi
25%
2011 Calibre 9
0%
2021 Godzilla V.S. Kong
0%
2014 Monters: Dark Continent
0%
2013 Re-Entry: Grey Zone
0%
TBD True Love
0%
No matching quizzes found
Score Distribution
Percent of People with Each Score
Percentile by Number Answered
Your Score History
You have not taken this quiz